00970nam a2200289Ia 450000500170000000800390001702000150005608200150007110000300008624500640011625000190018030000430019950000200024265000230026265000250028565000190031065000190032965000240034894200120037226400320038433600270041633700330044333800280047604000350050499900150053995201260055420220317000617.0160601s2003 ck a g 000 0 spa a958281462404a520 bP82a1 aPuerta Restrepo, Germán10aAstronomía bciencia explicada cGermán Puerta Restrepo a1a. edición  a226 páginas bilustraciones c22 cm  ancluye glosario142LEMBaAstronomía142LEMBaVía láctea142LEMBaUniverso142LEMBaPlanetas142LEMBaSistema solar 2ddccBK aBogotá bIntermedioc2003 atextobtxt2rdacontent asin mediaciónbn2rdamedia avolumenbnc2rdacarrier aCO-BoRNBPbspaerdacCO-BoRNBP c4553d4553 00102ddc40708GENaMEURIBEbMEURIBEcGENd2024-07-30l0o520 P82apURI00636r2024-07-30 14:20:01tEj.1w2024-07-30yBK